000 01065nmm a2200325 a 4500
003 AR-BaBNM
005 20251128210148.0
008 011101s1998 ||||||||||||||000 | spa||
020 _a950-9487-13-9
040 _cAR-BaBNM
245 1 0 _aEl capital social
_bhacia la construcción del índice de desarrollo sociedad civil de Argentina
260 _aBuenos Aires
_bEdilab
_c1998
300 _a509 p.
_bmapas, tablas
504 _aAl final de cada trabajo se encuentra bibliografía para consultar
650 4 _aDESARROLLO ECONOMICO Y SOCIAL
650 4 _aRESPONSABILIDAD DEL ESTADO
650 4 _aDERECHOS Y PRIVILEGIOS
650 4 _aORGANIZACIONES GUBERNAMENTALES
650 4 _aCIENCIAS SOCIALES
650 4 _aREDES
650 4 _aDESARROLLO DE LA COMUNIDAD
653 _aSOCIEDAD CIVIL
700 1 _aLuna, Elba
_ecoordinador
700 1 _aZlachevsky, Rosa
_eprologuista
700 1 _aPerfit, Janine
_eprologuista
700 1 _aJiménez, Mónica
_eprologuista
700 1 _aTenti Fanfani, Emilio
_eprologuista
942 _cBK
998 _cMariana
999 _c14320
_d14320